Library Banner

Mutalah adabiyaat faarsi (Urdu) (Record no. 41419)

MARC details
000 -LEADER
fixed length control field 00475nam a2200181Ia 4500
001 - CONTROL NUMBER
control field 43409
008 - FIXED-LENGTH DATA ELEMENTS--GENERAL INFORMATION
fixed length control field 140425s9999 xx 000 0 und d
020 ## - INTERNATIONAL STANDARD BOOK NUMBER
International Standard Book Number NA
040 ## - CATALOGING SOURCE
Transcribing agency PK-LaUMT
082 ## - DEWEY DECIMAL CLASSIFICATION NUMBER
Classification number RHC 891.4394
Item number WAH-M
100 ## - MAIN ENTRY--PERSONAL NAME
Personal name Waheed Qureshi
245 ## - TITLE STATEMENT
Title Mutalah adabiyaat faarsi (Urdu)
Statement of responsibility, etc Waheed Qureshi
260 ## - PUBLICATION, DISTRIBUTION, ETC. (IMPRINT)
Place of publication, distribution, etc Lahore,Pakistan:
Name of publisher, distributor, etc University Oriental College,
Date of publication, distribution, etc 1996
300 ## - PHYSICAL DESCRIPTION
Extent 318+34 p.
546 ## - LANGUAGE NOTE
Language note UR
650 ## - SUBJECT ADDED ENTRY--TOPICAL TERM
Topical term or geographic name as entry element Pakistan literature-Urdu
942 ## - ADDED ENTRY ELEMENTS (KOHA)
Koha item type Books
Holdings
Withdrawn status Lost status Damaged status Not for loan Home library Current library Date acquired Total Checkouts Full call number Barcode Date last seen Price effective from Koha item type
        UMT Main Campus UMT Main Campus 2014-04-25   RHC 891.4394 WAH-M 47023 2014-05-06 2014-05-06 Books